I Corinthians. (Record no. 5767)

000 -LEADER
fixed length control field 00584nam a2200181 a 4500
001 - CONTROL NUMBER
control field :::00003509$&:&@@
003 - CONTROL NUMBER IDENTIFIER
control field OkBaRHE
005 - DATE AND TIME OF LATEST TRANSACTION
control field 20000607103306.0
008 - FIXED-LENGTH DATA ELEMENTS--GENERAL INFORMATION
fixed length control field s1981 j 000 0 eng u
040 ## - CATALOGING SOURCE
Transcribing agency
100 1# - MAIN ENTRY--PERSONAL NAME
Personal name McGee, J. Vernon (John Vernon), 1904-1988.
245 10 - TITLE STATEMENT
Title I Corinthians.
260 ## - PUBLICATION, DISTRIBUTION, ETC. (IMPRINT)
Place of publication, distribution, etc Pasadena, CA., :
Name of publisher, distributor, etc Thru the Bible Books
Date of publication, distribution, etc 1981
300 ## - PHYSICAL DESCRIPTION
Extent 193 p. ;
Dimensions 19 cm.
650 ## - SUBJECT ADDED ENTRY--TOPICAL TERM
Topical term or geographic name as entry element Bible New Testament 1 Corinthians
General subdivision Commentaries
942 ## - ADDED ENTRY ELEMENTS (KOHA)
Source of classification or shelving scheme
Koha item type Books
Copies
Lost status Copy number Shelving location Barcode Damaged status Date last seen Koha item type Source of classification or shelving scheme Full call number Withdrawn status Not for loan Permanent Location Date acquired Price effective from
 1General Stacks3509 2018-04-03Books BS 2675.3 .M336  RHEMA Bible Training College2010-04-142010-04-14